<?xml version="1.0" encoding="UTF-8"?>
<collection xmlns="http://www.loc.gov/MARC21/slim">
 <record>
  <leader>03577cam a2200661 cb4500</leader>
  <controlfield tag="001">1161735178</controlfield>
  <controlfield tag="003">DE-627</controlfield>
  <controlfield tag="005">20250612070156.0</controlfield>
  <controlfield tag="007">tu</controlfield>
  <controlfield tag="008">010611s2001    xx ||||| c    00| ||ger c</controlfield>
  <datafield tag="020" ind1=" " ind2=" ">
   <subfield code="a">3931768562</subfield>
   <subfield code="9">3-931768-56-2</subfield>
  </datafield>
  <datafield tag="020" ind1=" " ind2=" ">
   <subfield code="a">3931768597</subfield>
   <subfield code="9">3-931768-59-7</subfield>
  </datafield>
  <datafield tag="035" ind1=" " ind2=" ">
   <subfield code="a">(DE-627)1161735178</subfield>
  </datafield>
  <datafield tag="035" ind1=" " ind2=" ">
   <subfield code="a">(DE-576)091735173</subfield>
  </datafield>
  <datafield tag="035" ind1=" " ind2=" ">
   <subfield code="a">(DE-599)BSZ091735173</subfield>
  </datafield>
  <datafield tag="035" ind1=" " ind2=" ">
   <subfield code="a">(OCoLC)1397375234</subfield>
  </datafield>
  <datafield tag="035" ind1=" " ind2=" ">
   <subfield code="a">(OCoLC)314018109</subfield>
  </datafield>
  <datafield tag="040" ind1=" " ind2=" ">
   <subfield code="a">DE-627</subfield>
   <subfield code="b">ger</subfield>
   <subfield code="c">DE-627</subfield>
   <subfield code="e">rakwb</subfield>
  </datafield>
  <datafield tag="041" ind1=" " ind2=" ">
   <subfield code="a">ger</subfield>
  </datafield>
  <datafield tag="084" ind1=" " ind2=" ">
   <subfield code="a">9,10</subfield>
   <subfield code="2">ssgn</subfield>
  </datafield>
  <datafield tag="084" ind1=" " ind2=" ">
   <subfield code="a">LH 39510</subfield>
   <subfield code="2">rvk</subfield>
   <subfield code="0">(DE-625)rvk/93341:</subfield>
  </datafield>
  <datafield tag="084" ind1=" " ind2=" ">
   <subfield code="a">LN 85170</subfield>
   <subfield code="2">rvk</subfield>
   <subfield code="0">(DE-625)rvk/102433:</subfield>
  </datafield>
  <datafield tag="245" ind1="0" ind2="0">
   <subfield code="a">Chiaroscuro</subfield>
   <subfield code="b">italienische Farbholzschnitte der Renaissance und des Barock; [Casa di Goethe, Rom, 25.4.2001 - 23.7.2001; Kunstsammlungen zu Weimar, 19.8.2001 - 21.10.2001; Haus der Kunst, München, 17.10.2002 - 12.1.2003]</subfield>
   <subfield code="c">Dieter Graf; Hermann Mildenberger</subfield>
  </datafield>
  <datafield tag="250" ind1=" " ind2=" ">
   <subfield code="a">Buchhandelsausg.</subfield>
  </datafield>
  <datafield tag="264" ind1=" " ind2="1">
   <subfield code="a">Berlin</subfield>
   <subfield code="b">G+H-Verl.</subfield>
   <subfield code="c">2001</subfield>
  </datafield>
  <datafield tag="300" ind1=" " ind2=" ">
   <subfield code="a">211 S.</subfield>
   <subfield code="b">Ill.</subfield>
  </datafield>
  <datafield tag="336" ind1=" " ind2=" ">
   <subfield code="a">Text</subfield>
   <subfield code="b">txt</subfield>
   <subfield code="2">rdacontent</subfield>
  </datafield>
  <datafield tag="336" ind1=" " ind2=" ">
   <subfield code="a">unbewegtes Bild</subfield>
   <subfield code="b">sti</subfield>
   <subfield code="2">rdacontent</subfield>
  </datafield>
  <datafield tag="337" ind1=" " ind2=" ">
   <subfield code="a">ohne Hilfsmittel zu benutzen</subfield>
   <subfield code="b">n</subfield>
   <subfield code="2">rdamedia</subfield>
  </datafield>
  <datafield tag="338" ind1=" " ind2=" ">
   <subfield code="a">Band</subfield>
   <subfield code="b">nc</subfield>
   <subfield code="2">rdacarrier</subfield>
  </datafield>
  <datafield tag="490" ind1="1" ind2=" ">
   <subfield code="a">Im Blickfeld der Goethezeit / Hermann Mildenberger</subfield>
   <subfield code="v">4</subfield>
  </datafield>
  <datafield tag="583" ind1="1" ind2=" ">
   <subfield code="a">Archivierung/Langzeitarchivierung gewährleistet</subfield>
   <subfield code="f">SSG</subfield>
   <subfield code="x">XA-DE-BW</subfield>
   <subfield code="2">pdager</subfield>
   <subfield code="5">DE-16</subfield>
  </datafield>
  <datafield tag="650" ind1=" " ind2="4">
   <subfield code="a">Geschichte 1500-1750</subfield>
   <subfield code="7">(dpeaa)DE-2491</subfield>
  </datafield>
  <datafield tag="650" ind1=" " ind2="4">
   <subfield code="a">Ausstellung</subfield>
   <subfield code="7">(dpeaa)DE-2491</subfield>
  </datafield>
  <datafield tag="650" ind1=" " ind2="4">
   <subfield code="a">Italien</subfield>
   <subfield code="7">(dpeaa)DE-2491</subfield>
  </datafield>
  <datafield tag="650" ind1=" " ind2="4">
   <subfield code="a">Farbholzschnitt</subfield>
   <subfield code="7">(dpeaa)DE-2491</subfield>
  </datafield>
  <datafield tag="655" ind1=" " ind2="7">
   <subfield code="a">Ausstellungskatalog</subfield>
   <subfield code="0">(DE-588)4135467-9</subfield>
   <subfield code="0">(DE-627)10566491X</subfield>
   <subfield code="0">(DE-576)209660988</subfield>
   <subfield code="2">gnd-content</subfield>
  </datafield>
  <datafield tag="689" ind1="0" ind2="0">
   <subfield code="d">g</subfield>
   <subfield code="0">(DE-588)4027833-5</subfield>
   <subfield code="0">(DE-627)106283235</subfield>
   <subfield code="0">(DE-576)208972501</subfield>
   <subfield code="a">Italien</subfield>
   <subfield code="2">gnd</subfield>
  </datafield>
  <datafield tag="689" ind1="0" ind2="1">
   <subfield code="d">s</subfield>
   <subfield code="0">(DE-588)4016461-5</subfield>
   <subfield code="0">(DE-627)106333127</subfield>
   <subfield code="0">(DE-576)208916032</subfield>
   <subfield code="a">Farbholzschnitt</subfield>
   <subfield code="2">gnd</subfield>
  </datafield>
  <datafield tag="689" ind1="0" ind2="2">
   <subfield code="a">z</subfield>
   <subfield code="2">gnd</subfield>
   <subfield code="a">Geschichte 1500-1750</subfield>
  </datafield>
  <datafield tag="689" ind1="0" ind2="3">
   <subfield code="d">b</subfield>
   <subfield code="0">(DE-588)2162571-2</subfield>
   <subfield code="0">(DE-627)225635186</subfield>
   <subfield code="0">(DE-576)196128587</subfield>
   <subfield code="a">Kunstsammlungen zu Weimar</subfield>
   <subfield code="2">gnd</subfield>
  </datafield>
  <datafield tag="689" ind1="0" ind2=" ">
   <subfield code="5">(DE-627)</subfield>
  </datafield>
  <datafield tag="700" ind1="1" ind2=" ">
   <subfield code="a">Graf, Dieter</subfield>
   <subfield code="d">1936-2020</subfield>
   <subfield code="0">(DE-588)129522805</subfield>
   <subfield code="0">(DE-627)47100927X</subfield>
   <subfield code="0">(DE-576)297703870</subfield>
   <subfield code="4">oth</subfield>
  </datafield>
  <datafield tag="700" ind1="1" ind2=" ">
   <subfield code="a">Mildenberger, Hermann</subfield>
   <subfield code="d">1955-</subfield>
   <subfield code="0">(DE-588)137125216</subfield>
   <subfield code="0">(DE-627)58994097X</subfield>
   <subfield code="0">(DE-576)162238991</subfield>
   <subfield code="4">oth</subfield>
  </datafield>
  <datafield tag="710" ind1="2" ind2=" ">
   <subfield code="a">Casa di Goethe</subfield>
   <subfield code="0">(DE-588)2164436-6</subfield>
   <subfield code="0">(DE-627)230646190</subfield>
   <subfield code="0">(DE-576)196242665</subfield>
   <subfield code="4">oth</subfield>
  </datafield>
  <datafield tag="787" ind1="0" ind2="8">
   <subfield code="i">Rezensiert in</subfield>
   <subfield code="a">Rebel, Ernst, 1949 - </subfield>
   <subfield code="t">[Rezension von: Dieter Graf / Hermann Mildenberger, Chiaroscuro]</subfield>
   <subfield code="d">2002</subfield>
   <subfield code="w">(DE-627)1920624856</subfield>
  </datafield>
  <datafield tag="830" ind1=" " ind2="0">
   <subfield code="a">Im Blickfeld der Goethezeit</subfield>
   <subfield code="v">4</subfield>
   <subfield code="9">4</subfield>
   <subfield code="w">(DE-627)1132994241</subfield>
   <subfield code="w">(DE-576)062994247</subfield>
   <subfield code="7">am</subfield>
  </datafield>
  <datafield tag="856" ind1="4" ind2="2">
   <subfield code="u">https://swbplus.bsz-bw.de/bsz091735173rez.htm</subfield>
   <subfield code="m">V:DE-576</subfield>
   <subfield code="v">2005-08-17</subfield>
   <subfield code="3">Rezension</subfield>
   <subfield code="7">1</subfield>
  </datafield>
  <datafield tag="856" ind1="4" ind2="2">
   <subfield code="u">http://www.sehepunkte.de/2002/12/3434.html</subfield>
   <subfield code="m">V:DE-576;X:Sehepunkte</subfield>
   <subfield code="q">text/html</subfield>
   <subfield code="v">20180423160624</subfield>
   <subfield code="3">Rezension</subfield>
   <subfield code="7">1</subfield>
  </datafield>
  <datafield tag="936" ind1="r" ind2="v">
   <subfield code="a">LH 39510</subfield>
   <subfield code="b">Weimar</subfield>
   <subfield code="k">Kunstgeschichte</subfield>
   <subfield code="k">Allgemeines. Allgemeine Kunstgeschichte</subfield>
   <subfield code="k">Museumskunde. Museumskataloge</subfield>
   <subfield code="k">Kataloge einzelner Museen; Schrifttum über einzelne Museen</subfield>
   <subfield code="k">Orte W</subfield>
   <subfield code="k">Weimar</subfield>
   <subfield code="0">(DE-627)1270648918</subfield>
   <subfield code="0">(DE-625)rvk/93341:</subfield>
   <subfield code="0">(DE-576)200648918</subfield>
  </datafield>
  <datafield tag="936" ind1="r" ind2="v">
   <subfield code="a">LN 85170</subfield>
   <subfield code="b">Holzschnitt, Linolschnitt</subfield>
   <subfield code="k">Kunstgeschichte</subfield>
   <subfield code="k">Kunst nach Ländern bzw. Kontinenten</subfield>
   <subfield code="k">Italien</subfield>
   <subfield code="k">Italienische Kunstgeschichte nach Gattungen</subfield>
   <subfield code="k">Zeichnung und Grafik</subfield>
   <subfield code="k">Material und Technik einzelner Gattungen und ihre Geschichte</subfield>
   <subfield code="k">Holzschnitt, Linolschnitt</subfield>
   <subfield code="0">(DE-627)1271172399</subfield>
   <subfield code="0">(DE-625)rvk/102433:</subfield>
   <subfield code="0">(DE-576)201172399</subfield>
  </datafield>
  <datafield tag="951" ind1=" " ind2=" ">
   <subfield code="a">MV</subfield>
  </datafield>
  <datafield tag="990" ind1=" " ind2=" ">
   <subfield code="a">Italien</subfield>
  </datafield>
  <datafield tag="990" ind1=" " ind2=" ">
   <subfield code="a">Farbholzschnitt</subfield>
  </datafield>
  <datafield tag="990" ind1=" " ind2=" ">
   <subfield code="a">Geschichte 1500-1750</subfield>
  </datafield>
  <datafield tag="990" ind1=" " ind2=" ">
   <subfield code="a">Kunstsammlungen zu Weimar</subfield>
  </datafield>
  <datafield tag="991" ind1=" " ind2=" ">
   <subfield code="a">Rezensiertes Werk</subfield>
  </datafield>
  <datafield tag="999" ind1=" " ind2=" ">
   <subfield code="a">KXP-PPN1161735178</subfield>
   <subfield code="e">4953888596</subfield>
  </datafield>
 </record>
</collection>
